[Event "TeamRussiamenrapid"]
[Site "?"]
[Date "2016.10.06"]
[Round "6.1"]
[White "Savchenko, Boris"]
[Black "Dubov, Daniil"]
[Result "0-1"]
[LiveChessVersion "1.4.4"]
[BlackElo "2690"]
[WhiteElo "2676"]

1. e4 {[%clk 0:15:18]} e5 {[%clk 0:15:19]} 2. Nf3 {[%clk 0:15:26]} Nc6
{[%clk 0:15:28]} 3. Bb5 {[%clk 0:15:34]} a6 {[%clk 0:15:37]} 4. Ba4
{[%clk 0:15:42]} Nf6 {[%clk 0:15:45]} 5. O-O {[%clk 0:15:50]} Be7
{[%clk 0:15:54]} 6. Re1 {[%clk 0:15:58]} b5 {[%clk 0:16:02]} 7. Bb3
{[%clk 0:16:06]} O-O {[%clk 0:16:05]} 8. a4 {[%clk 0:16:13]} Bb7 {[%clk 0:16:11]}
9. c3 {[%clk 0:16:17]} d5 {[%clk 0:16:04]} 10. axb5 {[%clk 0:15:25]} axb5
{[%clk 0:16:10]} 11. Rxa8 {[%clk 0:15:34]} Bxa8 {[%clk 0:16:18]} 12. exd5
{[%clk 0:15:42]} Nxd5 {[%clk 0:16:12]} 13. g3 {[%clk 0:09:14]} Bc5
{[%clk 0:15:03]} 14. Qe2 {[%clk 0:06:08]} Nf6 {[%clk 0:12:42]} 15. Qxb5
{[%clk 0:05:01]} Bb6 {[%clk 0:12:51]} 16. Nxe5 {[%clk 0:04:41]} Nxe5
{[%clk 0:12:47]} 17. Rxe5 {[%clk 0:04:48]} Bxf2+ {[%clk 0:11:56]} 18. Kxf2
{[%clk 0:04:36]} Ng4+ {[%clk 0:12:04]} 19. Kg1 {[%clk 0:03:19]} Nxe5
{[%clk 0:11:59]} 20. Qxe5 {[%clk 0:03:27]} Qd3 {[%clk 0:11:53]} 21. Qf4
{[%clk 0:01:43]} Qxb1 {[%clk 0:11:13]} 22. d4 {[%clk 0:01:51]} Qd3
{[%clk 0:11:02]} 23. Kf2 {[%clk 0:01:50]} Qb5 {[%clk 0:10:07]} 24. Bd1
{[%clk 0:01:05]} Re8 {[%clk 0:09:59]} 25. Qg4 {[%clk 0:00:41]} Re6
{[%clk 0:09:17]} 26. Qh4 {[%clk 0:00:22]} Rf6+ {[%clk 0:09:07]} 27. Ke3
{[%clk 0:00:14]} Qe8+ {[%clk 0:08:01]} 28. Kd3 {[%clk 0:00:13]} Rf1
{[%clk 0:07:22]} 29. Kc2 {[%clk 0:00:13]} h6 {[%clk 0:05:45]} 30. Qg4
{[%clk 0:00:18]} Rf2+ {[%clk 0:04:43]} 31. Bd2 {[%clk 0:00:27]} Be4+
{[%clk 0:04:44]} 32. Kc1 {[%clk 0:00:32]} Qa8 {[%clk 0:04:51]} 33. Ba4
{[%clk 0:00:26]} Rf1+ {[%clk 0:04:54]} 0-1

[Event "TeamRussiamenrapid"]
[Site "?"]
[Date "2016.10.06"]
[Round "6.2"]
[White "Morozevich, Alexander"]
[Black "Bocharov, Dmitry"]
[Result "1-0"]
[LiveChessVersion "1.4.4"]
[BlackElo "2612"]
[WhiteElo "2716"]

1. e4 {[%clk 0:15:16]} c5 {[%clk 0:15:15]} 2. Nf3 {[%clk 0:15:24]} Nc6
{[%clk 0:15:09]} 3. d4 {[%clk 0:15:30]} cxd4 {[%clk 0:15:16]} 4. Nxd4
{[%clk 0:15:39]} e6 {[%clk 0:15:23]} 5. Nc3 {[%clk 0:15:47]} a6 {[%clk 0:15:22]}
6. Be2 {[%clk 0:15:13]} Nf6 {[%clk 0:15:11]} 7. Nxc6 {[%clk 0:14:30]} bxc6
{[%clk 0:15:15]} 8. e5 {[%clk 0:14:38]} Nd5 {[%clk 0:14:29]} 9. Ne4
{[%clk 0:14:47]} Qc7 {[%clk 0:11:52]} 10. Nd6+ {[%clk 0:12:28]} Bxd6
{[%clk 0:11:56]} 11. exd6 {[%clk 0:12:37]} Qb6 {[%clk 0:11:34]} 12. c4
{[%clk 0:12:09]} Nf6 {[%clk 0:11:31]} 13. O-O {[%clk 0:12:17]} c5
{[%clk 0:11:16]} 14. Bf4 {[%clk 0:11:28]} Bb7 {[%clk 0:11:05]} 15. Qb3
{[%clk 0:11:16]} Qxb3 {[%clk 0:07:32]} 16. axb3 {[%clk 0:11:05]} O-O
{[%clk 0:07:40]} 17. Be3 {[%clk 0:09:27]} Rfc8 {[%clk 0:07:26]} 18. Ra5
{[%clk 0:09:17]} Ne4 {[%clk 0:07:21]} 19. Rd1 {[%clk 0:09:11]} Rc6
{[%clk 0:03:22]} 20. f3 {[%clk 0:08:42]} Nxd6 {[%clk 0:02:54]} 21. Bxc5
{[%clk 0:08:39]} Ne8 {[%clk 0:01:13]} 22. Rxd7 {[%clk 0:08:46]} Rc7
{[%clk 0:01:17]} 23. Rxc7 {[%clk 0:05:25]} Nxc7 {[%clk 0:01:25]} 24. Kf2
{[%clk 0:05:10]} Ne8 {[%clk 0:01:02]} 25. b4 {[%clk 0:04:58]} Nf6
{[%clk 0:01:06]} 26. b5 {[%clk 0:04:50]} axb5 {[%clk 0:01:10]} 27. Rxb5
{[%clk 0:03:59]} Bc6 {[%clk 0:01:13]} 28. Rb6 {[%clk 0:04:01]} Rc8
{[%clk 0:01:16]} 29. Bd6 {[%clk 0:04:00]} Nd7 {[%clk 0:01:13]} 30. Ra6
{[%clk 0:04:09]} e5 {[%clk 0:00:20]} 31. b4 {[%clk 0:04:13]} e4 {[%clk 0:00:26]}
32. b5 {[%clk 0:03:53]} Ba8 {[%clk 0:00:31]} 33. c5 {[%clk 0:04:00]} exf3
{[%clk 0:00:38]} 34. gxf3 {[%clk 0:04:09]} 1-0

[Event "TeamRussiamenrapid"]
[Site "?"]
[Date "2016.10.06"]
[Round "6.3"]
[White "Zablotsky, Sergei"]
[Black "Dreev, Aleksey"]
[Result "1/2-1/2"]
[LiveChessVersion "1.4.4"]
[BlackElo "2690"]
[WhiteElo "2493"]

1. e4 {[%clk 0:15:06]} c6 {[%clk 0:15:18]} 2. Nc3 {[%clk 0:15:14]} d5
{[%clk 0:15:26]} 3. Qe2 {[%clk 0:15:22]} e6 {[%clk 0:15:05]} 4. Nf3
{[%clk 0:15:18]} Nf6 {[%clk 0:14:03]} 5. d3 {[%clk 0:14:37]} Bb4 {[%clk 0:14:00]}
6. a3 {[%clk 0:14:43]} Ba5 {[%clk 0:12:37]} 7. Bd2 {[%clk 0:14:36]} O-O
{[%clk 0:12:12]} 8. g3 {[%clk 0:14:39]} c5 {[%clk 0:12:17]} 9. Bg2
{[%clk 0:14:41]} Nc6 {[%clk 0:12:25]} 10. O-O {[%clk 0:14:16]} Nd4
{[%clk 0:12:16]} 11. Qd1 {[%clk 0:13:04]} Nxf3+ {[%clk 0:11:49]} 12. Qxf3
{[%clk 0:10:11]} dxe4 {[%clk 0:07:02]} 13. Nxe4 {[%clk 0:10:15]} Bxd2
{[%clk 0:07:10]} 14. Nxd2 {[%clk 0:10:21]} Qc7 {[%clk 0:07:17]} 15. Rfe1
{[%clk 0:10:23]} Bd7 {[%clk 0:07:06]} 16. Qe3 {[%clk 0:09:25]} Rac8
{[%clk 0:07:07]} 17. Nc4 {[%clk 0:08:58]} Bb5 {[%clk 0:07:05]} 18. Ne5
{[%clk 0:08:57]} b6 {[%clk 0:06:12]} 19. c4 {[%clk 0:08:24]} Be8 {[%clk 0:05:15]}
20. d4 {[%clk 0:06:19]} cxd4 {[%clk 0:05:11]} 21. Qxd4 {[%clk 0:06:27]} Nd7
{[%clk 0:05:09]} 22. Rac1 {[%clk 0:04:21]} Nxe5 {[%clk 0:05:18]} 23. Qxe5
{[%clk 0:04:27]} Bc6 {[%clk 0:05:03]} 24. Qxc7 {[%clk 0:04:06]} 1/2-1/2

[Event "TeamRussiamenrapid"]
[Site "?"]
[Date "2016.10.06"]
[Round "6.4"]
[White "Popov, Ivan"]
[Black "Evdokimov, Alexander A."]
[Result "1/2-1/2"]
[LiveChessVersion "1.4.4"]
[BlackElo "2467"]
[WhiteElo "2695"]

1. e4 {[%clk 0:15:19]} c6 {[%clk 0:13:32]} 2. d4 {[%clk 0:15:26]} d5
{[%clk 0:13:41]} 3. e5 {[%clk 0:15:35]} Bf5 {[%clk 0:13:48]} 4. h4
{[%clk 0:15:44]} a6 {[%clk 0:13:52]} 5. g4 {[%clk 0:15:21]} Bd7 {[%clk 0:14:00]}
6. Nc3 {[%clk 0:15:28]} e6 {[%clk 0:13:35]} 7. Be3 {[%clk 0:15:36]} Qc7
{[%clk 0:13:02]} 8. Nf3 {[%clk 0:14:52]} c5 {[%clk 0:13:04]} 9. dxc5
{[%clk 0:14:59]} Bxc5 {[%clk 0:13:10]} 10. Bxc5 {[%clk 0:15:06]} Qxc5
{[%clk 0:13:18]} 11. Qd2 {[%clk 0:14:48]} Nc6 {[%clk 0:11:06]} 12. O-O-O
{[%clk 0:14:52]} O-O-O {[%clk 0:11:14]} 13. Bd3 {[%clk 0:10:30]} Nge7
{[%clk 0:10:47]} 14. Rde1 {[%clk 0:08:03]} h5 {[%clk 0:07:54]} 15. gxh5
{[%clk 0:07:08]} Rxh5 {[%clk 0:08:02]} 16. Ng5 {[%clk 0:07:15]} Be8
{[%clk 0:08:10]} 17. f4 {[%clk 0:07:12]} Kb8 {[%clk 0:07:23]} 18. a3
{[%clk 0:07:10]} Rc8 {[%clk 0:07:21]} 19. Kb1 {[%clk 0:07:12]} Nd4
{[%clk 0:06:31]} 20. Ne2 {[%clk 0:06:09]} Nef5 {[%clk 0:04:56]} 21. Nxd4
{[%clk 0:06:08]} Nxd4 {[%clk 0:04:58]} 22. Qf2 {[%clk 0:04:54]} g6
{[%clk 0:04:48]} 23. c3 {[%clk 0:04:49]} Nb3 {[%clk 0:04:53]} 24. Qxc5
{[%clk 0:04:58]} Nxc5 {[%clk 0:05:02]} 25. Be2 {[%clk 0:05:02]} Rh8
{[%clk 0:04:43]} 26. Rh3 {[%clk 0:04:57]} Ne4 {[%clk 0:04:08]} 27. Nxe4
{[%clk 0:04:51]} dxe4 {[%clk 0:04:17]} 28. Kc1 {[%clk 0:04:27]} Rd8
{[%clk 0:03:29]} 29. Rd1 {[%clk 0:03:50]} Rd5 {[%clk 0:02:12]} 30. h5
{[%clk 0:03:47]} Rxd1+ {[%clk 0:01:42]} 31. Kxd1 {[%clk 0:03:45]} gxh5
{[%clk 0:00:43]} 32. Rxh5 Rg8 33. Rg5 {[%clk 0:02:47]} Rh8 {[%clk 0:00:59]} 34.
Rh5 {[%clk 0:02:09]} Rg8 {[%clk 0:01:09]} 35. Rg5 {[%clk 0:01:56]} 1/2-1/2

[Event "TeamRussiamenrapid"]
[Site "?"]
[Date "2016.10.06"]
[Round "6.5"]
[White "Rakhmanov, Aleksandr"]
[Black "Bologan, Victor"]
[Result "1-0"]
[LiveChessVersion "1.4.4"]
[BlackElo "2569"]
[WhiteElo "2528"]

1. d4 {[%clk 0:15:17]} Nf6 {[%clk 0:15:19]} 2. Nf3 {[%clk 0:15:23]} c5
{[%clk 0:15:20]} 3. c3 {[%clk 0:15:18]} cxd4 {[%clk 0:14:36]} 4. cxd4
{[%clk 0:15:26]} d5 {[%clk 0:14:40]} 5. Nc3 {[%clk 0:15:30]} Nc6 {[%clk 0:14:48]}
6. Bf4 {[%clk 0:15:38]} a6 {[%clk 0:14:56]} 7. Ne5 {[%clk 0:15:41]} Bd7
{[%clk 0:13:00]} 8. e3 {[%clk 0:15:38]} e6 {[%clk 0:13:03]} 9. Bd3
{[%clk 0:15:45]} Be7 {[%clk 0:13:09]} 10. O-O {[%clk 0:15:49]} O-O
{[%clk 0:13:15]} 11. Rc1 {[%clk 0:15:44]} Rc8 {[%clk 0:13:22]} 12. Qf3
{[%clk 0:15:31]} Nxe5 {[%clk 0:12:33]} 13. dxe5 {[%clk 0:15:01]} Ne8
{[%clk 0:12:40]} 14. Rfd1 {[%clk 0:13:40]} Qa5 {[%clk 0:11:47]} 15. Bb1
{[%clk 0:12:57]} f5 {[%clk 0:10:16]} 16. exf6 {[%clk 0:10:49]} Nxf6
{[%clk 0:10:18]} 17. Be5 {[%clk 0:10:47]} Qb4 {[%clk 0:06:38]} 18. Qh3
{[%clk 0:04:50]} h6 {[%clk 0:06:47]} 19. Rc2 {[%clk 0:04:35]} Qg4
{[%clk 0:04:52]} 20. Qxg4 {[%clk 0:04:32]} Nxg4 {[%clk 0:05:01]} 21. Bg3
{[%clk 0:04:41]} Bc5 {[%clk 0:04:03]} 22. h3 {[%clk 0:03:19]} Nf6
{[%clk 0:04:12]} 23. Be5 {[%clk 0:03:14]} Ba7 {[%clk 0:04:01]} 24. Rdc1
{[%clk 0:02:53]} Rc6 {[%clk 0:03:54]} 25. Ne2 {[%clk 0:02:48]} Rfc8
{[%clk 0:03:47]} 26. Nd4 {[%clk 0:02:39]} Rxc2 {[%clk 0:03:49]} 27. Rxc2
{[%clk 0:02:48]} Rxc2 {[%clk 0:03:56]} 28. Bxc2 {[%clk 0:02:56]} Kf7
{[%clk 0:03:56]} 29. g4 {[%clk 0:03:03]} Be8 {[%clk 0:03:02]} 30. Nf3
{[%clk 0:03:09]} Nd7 {[%clk 0:03:00]} 31. Bc3 {[%clk 0:03:18]} Bb8
{[%clk 0:03:01]} 32. Kg2 {[%clk 0:03:06]} Bd6 {[%clk 0:03:09]} 33. h4
{[%clk 0:03:04]} Nf6 {[%clk 0:02:47]} 34. g5 {[%clk 0:02:27]} hxg5
{[%clk 0:02:56]} 35. hxg5 {[%clk 0:02:36]} Ne4 {[%clk 0:02:59]} 36. Be5
{[%clk 0:02:29]} Bc5 {[%clk 0:02:40]} 37. Bf4 {[%clk 0:02:29]} Ke7
{[%clk 0:02:33]} 38. Ne5 {[%clk 0:01:20]} Bh5 {[%clk 0:02:02]} 39. Nf3
{[%clk 0:00:33]} Bxf3+ {[%clk 0:00:38]} 40. Kxf3 {[%clk 0:00:41]} Nd2+
{[%clk 0:00:47]} 41. Ke2 {[%clk 0:00:49]} Nc4 {[%clk 0:00:56]} 42. b3
{[%clk 0:00:51]} Na3 {[%clk 0:01:04]} 43. Bd3 {[%clk 0:00:56]} Bd6
{[%clk 0:01:13]} 44. Bxd6+ {[%clk 0:01:02]} Kxd6 {[%clk 0:01:22]} 45. Kd2
{[%clk 0:00:54]} e5 {[%clk 0:01:28]} 46. f4 {[%clk 0:00:51]} exf4
{[%clk 0:01:07]} 47. exf4 {[%clk 0:01:00]} d4 {[%clk 0:01:13]} 48. Ke2
{[%clk 0:01:06]} Kd5 {[%clk 0:00:59]} 49. Kf3 {[%clk 0:01:15]} b5
{[%clk 0:00:23]} 50. Be4+ {[%clk 0:01:17]} Kd6 {[%clk 0:00:32]} 51. Kg4
{[%clk 0:01:17]} a5 {[%clk 0:00:38]} 52. Kf5 {[%clk 0:01:15]} Nc4
{[%clk 0:00:38]} 53. bxc4 {[%clk 0:01:24]} bxc4 {[%clk 0:00:47]} 54. Kg4
{[%clk 0:01:21]} Kc5 {[%clk 0:00:55]} 55. f5 {[%clk 0:01:09]} d3 {[%clk 0:01:01]}
56. f6 {[%clk 0:01:09]} gxf6 {[%clk 0:01:09]} 57. gxf6 {[%clk 0:01:18]} Kd4
{[%clk 0:00:56]} 58. f7 {[%clk 0:01:21]} Kxe4 {[%clk 0:00:57]} 59. f8=Q
{[%clk 0:01:29]} d2 {[%clk 0:01:05]} 60. Qf3+ {[%clk 0:01:21]} Kd4
{[%clk 0:01:14]} 61. Kf4 {[%clk 0:01:07]} c3 {[%clk 0:01:20]} 62. Qe4+
{[%clk 0:01:14]} Kc5 {[%clk 0:01:29]} 63. Qc2 {[%clk 0:01:22]} Kd4
{[%clk 0:01:36]} 64. Ke4+ Kd5+ 1-0

[Event "TeamRussiamenrapid"]
[Site "?"]
[Date "2016.10.06"]
[Round "6.6"]
[White "Ponkratov, Pavel"]
[Black "Rozum, Ivan"]
[Result "1-0"]
[LiveChessVersion "1.4.4"]
[BlackElo "2608"]
[WhiteElo "2654"]

1. g3 {[%clk 0:15:12]} Nf6 {[%clk 0:15:01]} 2. Bg2 {[%clk 0:15:20]} d5
{[%clk 0:15:09]} 3. Nf3 {[%clk 0:15:29]} c6 {[%clk 0:15:18]} 4. O-O
{[%clk 0:15:36]} Bg4 {[%clk 0:15:16]} 5. h3 {[%clk 0:15:45]} Bxf3
{[%clk 0:14:28]} 6. Bxf3 {[%clk 0:15:54]} e5 {[%clk 0:14:34]} 7. Bg2
{[%clk 0:16:03]} Bc5 {[%clk 0:14:31]} 8. c4 {[%clk 0:15:51]} O-O {[%clk 0:13:17]}
9. Qb3 {[%clk 0:15:41]} Qd7 {[%clk 0:13:18]} 10. d3 {[%clk 0:15:22]} h6
{[%clk 0:13:15]} 11. a3 {[%clk 0:12:12]} Rd8 {[%clk 0:13:07]} 12. Qc2
{[%clk 0:12:13]} Qe7 {[%clk 0:12:25]} 13. b4 {[%clk 0:11:51]} Bd4
{[%clk 0:12:21]} 14. Nc3 {[%clk 0:11:24]} a5 {[%clk 0:12:03]} 15. Rb1
{[%clk 0:11:27]} axb4 {[%clk 0:12:09]} 16. axb4 {[%clk 0:11:36]} Na6
{[%clk 0:11:38]} 17. Ba3 {[%clk 0:10:16]} Nc7 {[%clk 0:11:39]} 18. Rb3
{[%clk 0:10:15]} b5 {[%clk 0:09:47]} 19. cxd5 {[%clk 0:09:56]} cxd5
{[%clk 0:09:53]} 20. e3 {[%clk 0:09:50]} Bb6 {[%clk 0:09:53]} 21. Ne2
{[%clk 0:09:36]} Ne6 {[%clk 0:09:44]} 22. Rc1 {[%clk 0:09:19]} Rab8
{[%clk 0:07:01]} 23. Qd2 {[%clk 0:08:40]} Rbc8 {[%clk 0:06:32]} 24. Rbb1
{[%clk 0:08:20]} e4 {[%clk 0:05:23]} 25. Rxc8 {[%clk 0:07:55]} Rxc8
{[%clk 0:05:32]} 26. dxe4 {[%clk 0:08:03]} dxe4 {[%clk 0:05:36]} 27. h4
{[%clk 0:07:47]} g5 {[%clk 0:03:29]} 28. Bb2 {[%clk 0:07:39]} gxh4
{[%clk 0:03:29]} 29. Rc1 {[%clk 0:07:47]} Rxc1+ {[%clk 0:03:05]} 30. Qxc1
{[%clk 0:07:55]} Ng5 {[%clk 0:02:15]} 31. Qc6 {[%clk 0:07:04]} Bd8
{[%clk 0:02:07]} 32. gxh4 {[%clk 0:06:54]} Nf3+ {[%clk 0:01:47]} 33. Bxf3
{[%clk 0:06:58]} exf3 {[%clk 0:01:57]} 34. Ng3 {[%clk 0:06:50]} Qe6
{[%clk 0:00:52]} 35. Qxf3 {[%clk 0:06:34]} Qd5 {[%clk 0:00:47]} 36. Qf4
{[%clk 0:06:30]} Qd1+ {[%clk 0:00:43]} 37. Kg2 {[%clk 0:06:33]} Nd5
{[%clk 0:00:25]} 38. Qxh6 {[%clk 0:06:32]} f6 {[%clk 0:00:18]} 39. e4
{[%clk 0:05:41]} Qc2 {[%clk 0:00:17]} 40. Bd4 {[%clk 0:05:35]} Qd1
{[%clk 0:00:14]} 41. Qg6+ {[%clk 0:05:39]} Kh8 {[%clk 0:00:21]} 42. Qe8+
{[%clk 0:05:43]} Kh7 {[%clk 0:00:30]} 43. exd5 {[%clk 0:05:47]} 1-0

[Event "TeamRussiamenrapid"]
[Site "?"]
[Date "2016.10.06"]
[Round "6.7"]
[White "Moiseenko, Vadim"]
[Black "Khismatullin, Denis"]
[Result "0-1"]
[LiveChessVersion "1.4.4"]
[BlackElo "2668"]
[WhiteElo "2463"]

1. e4 {[%clk 0:15:18]} c6 {[%clk 0:14:45]} 2. d4 {[%clk 0:15:13]} d5
{[%clk 0:14:54]} 3. exd5 {[%clk 0:15:18]} cxd5 {[%clk 0:15:03]} 4. Bd3
{[%clk 0:15:27]} Nc6 {[%clk 0:14:55]} 5. c3 {[%clk 0:15:36]} g6 {[%clk 0:15:01]}
6. Bf4 {[%clk 0:15:41]} Bf5 {[%clk 0:14:51]} 7. Nf3 {[%clk 0:15:43]} Nf6
{[%clk 0:14:56]} 8. Na3 {[%clk 0:15:30]} Bxd3 {[%clk 0:14:04]} 9. Qxd3
{[%clk 0:15:39]} Nh5 {[%clk 0:13:41]} 10. Be5 {[%clk 0:15:19]} f6
{[%clk 0:13:40]} 11. Bg3 {[%clk 0:15:25]} e5 {[%clk 0:13:20]} 12. dxe5
{[%clk 0:15:22]} Bxa3 {[%clk 0:13:04]} 13. bxa3 {[%clk 0:15:28]} Nxg3
{[%clk 0:13:08]} 14. hxg3 {[%clk 0:15:33]} fxe5 {[%clk 0:13:11]} 15. Rd1
{[%clk 0:14:40]} e4 {[%clk 0:12:34]} 16. Qe3 {[%clk 0:14:41]} Qe7
{[%clk 0:11:16]} 17. Nd4 {[%clk 0:14:31]} Ne5 {[%clk 0:11:22]} 18. O-O
{[%clk 0:13:52]} O-O {[%clk 0:10:54]} 19. Ne2 {[%clk 0:13:11]} Rf5
{[%clk 0:08:08]} 20. Rxd5 {[%clk 0:11:31]} Nf3+ {[%clk 0:07:51]} 21. gxf3
{[%clk 0:11:38]} Rxd5 {[%clk 0:08:00]} 22. fxe4 {[%clk 0:11:20]} Re5
{[%clk 0:07:59]} 23. f3 {[%clk 0:11:08]} Qc5 {[%clk 0:06:36]} 24. Qxc5
{[%clk 0:08:52]} Rxc5 {[%clk 0:06:45]} 25. Rd1 {[%clk 0:08:39]} Ra5
{[%clk 0:05:07]} 26. Kf2 {[%clk 0:08:12]} Rxa3 {[%clk 0:04:46]} 27. Rd2
{[%clk 0:08:21]} Re8 {[%clk 0:04:03]} 28. Ke3 {[%clk 0:07:29]} b5
{[%clk 0:04:09]} 29. Kf4 {[%clk 0:07:38]} Rf8+ {[%clk 0:03:09]} 30. Kg4
{[%clk 0:07:44]} b4 {[%clk 0:03:13]} 31. cxb4 {[%clk 0:07:43]} Rfxf3
{[%clk 0:03:17]} 32. Kg5 {[%clk 0:06:57]} Kg7 {[%clk 0:03:01]} 33. b5
{[%clk 0:06:38]} Rf7 {[%clk 0:01:30]} 34. Kg4 {[%clk 0:06:22]} h5+
{[%clk 0:01:17]} 35. Kg5 {[%clk 0:06:21]} Re3 {[%clk 0:01:16]} 36. Kh4
{[%clk 0:05:47]} Rf2 {[%clk 0:01:11]} 0-1

[Event "TeamRussiamenrapid"]
[Site "?"]
[Date "2016.10.06"]
[Round "6.8"]
[White "Pridorozhni, Aleksei"]
[Black "Gochelashvili, David"]
[Result "1/2-1/2"]
[LiveChessVersion "1.4.4"]
[BlackElo "2445"]
[WhiteElo "2628"]

1. e4 {[%clk 0:14:52]} c5 {[%clk 0:15:12]} 2. Nc3 {[%clk 0:15:00]} d6
{[%clk 0:14:42]} 3. Nf3 {[%clk 0:15:06]} Nf6 {[%clk 0:14:34]} 4. d4
{[%clk 0:15:14]} cxd4 {[%clk 0:14:39]} 5. Nxd4 {[%clk 0:15:22]} g6
{[%clk 0:14:46]} 6. g3 {[%clk 0:15:17]} Nc6 {[%clk 0:14:43]} 7. Bg2
{[%clk 0:15:23]} Bg4 {[%clk 0:13:42]} 8. Nde2 {[%clk 0:15:15]} Bg7
{[%clk 0:13:45]} 9. h3 {[%clk 0:15:18]} Bd7 {[%clk 0:13:51]} 10. O-O
{[%clk 0:15:13]} O-O {[%clk 0:14:00]} 11. Kh2 {[%clk 0:14:11]} Rb8
{[%clk 0:13:24]} 12. Be3 {[%clk 0:12:57]} b5 {[%clk 0:12:59]} 13. Nd5
{[%clk 0:12:54]} a5 {[%clk 0:08:57]} 14. Nd4 {[%clk 0:12:30]} b4 {[%clk 0:05:17]}
15. Re1 {[%clk 0:11:05]} Re8 {[%clk 0:03:52]} 16. Qd2 {[%clk 0:09:51]} e6
{[%clk 0:03:44]} 17. Nxf6+ {[%clk 0:09:54]} Bxf6 {[%clk 0:03:38]} 18. Rad1
{[%clk 0:08:18]} Qc8 {[%clk 0:03:29]} 19. Nxc6 {[%clk 0:08:05]} Bxc6
{[%clk 0:03:36]} 20. Bd4 {[%clk 0:08:13]} e5 {[%clk 0:03:04]} 21. Be3
{[%clk 0:08:19]} Be7 {[%clk 0:03:04]} 22. Bg5 {[%clk 0:08:01]} Bxg5
{[%clk 0:02:51]} 23. Qxg5 {[%clk 0:08:09]} Qe6 {[%clk 0:03:01]} 24. b3
{[%clk 0:08:02]} Rb5 {[%clk 0:02:34]} 25. Bf1 {[%clk 0:06:05]} Rc5
{[%clk 0:02:42]} 26. Bc4 {[%clk 0:06:13]} d5 {[%clk 0:02:16]} 27. exd5
{[%clk 0:03:38]} Bxd5 {[%clk 0:02:25]} 28. Qe3 {[%clk 0:03:43]} Rec8
{[%clk 0:01:21]} 29. Bxd5 {[%clk 0:02:26]} Rxd5 {[%clk 0:01:30]} 30. Rxd5
{[%clk 0:02:32]} Qxd5 {[%clk 0:01:39]} 31. Qxe5 {[%clk 0:02:11]} 1/2-1/2

[Event "TeamRussiamenrapid"]
[Site "?"]
[Date "2016.10.06"]
[Round "6.9"]
[White "Fedoseev, Vladimir"]
[Black "Moskalenko, Alexander"]
[Result "1-0"]
[LiveChessVersion "1.4.4"]
[BlackElo "2494"]
[WhiteElo "2740"]

1. d4 {[%clk 0:15:16]} d5 {[%clk 0:11:00]} 2. Bf4 {[%clk 0:15:22]} Nf6
{[%clk 0:10:57]} 3. e3 {[%clk 0:15:29]} c5 {[%clk 0:10:56]} 4. c3
{[%clk 0:15:25]} Nc6 {[%clk 0:10:52]} 5. Nd2 {[%clk 0:15:25]} cxd4
{[%clk 0:10:38]} 6. exd4 {[%clk 0:15:30]} Bf5 {[%clk 0:10:46]} 7. Be2
{[%clk 0:14:44]} e6 {[%clk 0:10:36]} 8. Ngf3 {[%clk 0:14:24]} Be7
{[%clk 0:10:02]} 9. Qb3 {[%clk 0:14:02]} Qc8 {[%clk 0:10:10]} 10. Nh4
{[%clk 0:13:53]} Be4 {[%clk 0:10:12]} 11. O-O {[%clk 0:13:24]} O-O
{[%clk 0:08:11]} 12. a4 {[%clk 0:13:10]} Na5 {[%clk 0:06:39]} 13. Qb5
{[%clk 0:12:21]} Bd8 {[%clk 0:05:35]} 14. Nxe4 {[%clk 0:10:40]} Nxe4
{[%clk 0:05:34]} 15. Nf3 {[%clk 0:10:46]} Bc7 {[%clk 0:04:38]} 16. Be3
{[%clk 0:09:54]} a6 {[%clk 0:03:57]} 17. Qd3 {[%clk 0:09:36]} Nc4
{[%clk 0:03:59]} 18. Bc1 {[%clk 0:09:29]} b5 {[%clk 0:03:03]} 19. Qc2
{[%clk 0:09:37]} Qb7 {[%clk 0:02:20]} 20. Bd3 {[%clk 0:09:38]} h6
{[%clk 0:02:11]} 21. Re1 {[%clk 0:09:27]} f5 {[%clk 0:01:54]} 22. b3
{[%clk 0:07:59]} Na5 {[%clk 0:02:03]} 23. b4 {[%clk 0:07:43]} Nc6
{[%clk 0:01:41]} 24. Nd2 {[%clk 0:07:16]} Bd6 {[%clk 0:00:32]} 25. f3
{[%clk 0:07:10]} Rac8 {[%clk 0:00:16]} 26. Qb2 {[%clk 0:06:18]} Qb8
{[%clk 0:00:16]} 27. fxe4 {[%clk 0:04:19]} Bxh2+ {[%clk 0:00:26]} 28. Kh1
{[%clk 0:04:28]} Qg3 {[%clk 0:00:15]} 29. Nf1 {[%clk 0:03:39]} Qxd3
{[%clk 0:00:12]} 30. Kxh2 {[%clk 0:03:33]} fxe4 {[%clk 0:00:15]} 31. Ne3
{[%clk 0:03:15]} Ne7 {[%clk 0:00:12]} 32. Ra3 {[%clk 0:03:22]} Nf5
{[%clk 0:00:18]} 33. c4 {[%clk 0:02:37]} Qxd4 {[%clk 0:00:20]} 34. Nxf5
{[%clk 0:02:45]} Qxb2 {[%clk 0:00:23]} 35. Ne7+ {[%clk 0:02:52]} Kf7
{[%clk 0:00:32]} 36. Bxb2 {[%clk 0:03:00]} Kxe7 {[%clk 0:00:42]} 37. axb5
{[%clk 0:03:08]} axb5 38. Ra7+ {[%clk 0:03:15]} Kd6 {[%clk 0:00:39]} 39. c5+
{[%clk 0:03:22]} Kc6 {[%clk 0:00:48]} 40. Rea1 {[%clk 0:03:31]} d4 1-0